000 01532cam a2200253 4500
001 ABS66393
008 030128n2002 000 0 eng u
035 _a(Sirsi) u121139
100 _aHenderson, R.
245 _aWood fuel: a burning question for Scotland
260 _c2002
490 _aLandowning in Scotland
_v(272) December 2002/January 2003, 18-19(2)
520 _aDiscusses whether Scottish forestry could follow the example set by Sweden and turn wood-fuel into a highly efficient form of alternative energy. At present the forestry industry is faced by increases in timber supplies forcing down prices and producing thousands of tonnes of by-product which needs to be disposed of safely and in an environmentally-friendly manner. But, as part of the UK, Scotland must also comply with agreements on reductions in energy emissions. Sweden already has shown the benefits of using timber industry by-products with huge environmental benefits, such as increased energy output, reduced sulphur dioxide and pollution, against the pollutants produced by fossil fuels; burning timber is also carbon-neutral. Ends with a plea to the Scottish Executive to encourage wood-fuelled heating as well as green electricity initiatives.
590 _aABS
650 _aSCOTLAND
650 _aSWEDEN
650 _aWOOD FUEL
650 _aWOOD FUELLED POWER PLANTS
650 _aENERGY-EFFICIENCY
650 _aENVIRONMENT ISSUES
650 _aFORESTRY INDUSTRY
690 _aRURAL-AGRICULTURE AND FORESTRY
942 _n0
999 _c71982
_d71982